000 00684nam a22001935i 4500
001 168890
003 ES-MaACL
005 20250522063049.0
008 080619s1877 sp |||| | spa d
080 _a782.089.6
100 1 _aMassenet, Jules,
_d1842-1912
_9240595
245 1 3 _aEl roi de Lahore [
_hmúsica impresa]
_b: opéra en 5 actes /
_cde Louis Gallet ; J. Massenet.
260 _aParis :
_bG.Hartmann,
_c[1877]
300 _a1 partitura vocal (389 p.) ;
_c28 cm.
650 1 4 _aÓperas-
_xPartituras vocales.
_9137997
700 1 _aGallet, Louis.
_953608
852 4 _aES-MaACL
_jL-29316
_9R.143649
_zBiblioteca Jacinto Martínez Lacalle
999 _c168890
_d168890